Score 0/10 Timer 01:00
0 Plays Today
Quotes Answer % Correct
'Bababa bird bird bird bird is the word'Peter
99.8%
'By the way Lois, I got a piercing over there. I'm not going to tell you where but I will give you a hint--it wasn't on my nose or my ear and it was one of my balls.'Peter
99.8%
'Aww, oh God I always get these. Umm..okay..uhh..all right..firetruck..firetruck firetruck firetruck firetruck. What color are those red firetrucks? Uhh..Oh god I can picture them peter
99.8%
'I just want to kill myself I'm gonna go upstairs and eat a whole bowl of peanuts'Meg
97.7%
'I WANNA PRETZEL TOO!!!'stewie
96.3%
'Uh, there's a half-dead-fat-man eating a dead-fat-man' stewie
96.3%
' Doctor, I need you to get rid of this zit!'chris
95.2%
'I don't have to listen to you! You're a dog! You don't have a soul!' chris
95.2%
'I came because I love the theater. I mean, if I just came here to enjoy watching your father be humiliated when this asinine spectacle of his is ridiculed by everyone in town, whalois
90.6%
'I'm not drunk, all right. I just have a speech impediment ... and a stomach virus ... and an inner ear infection.'brian
89.4%
Remove Ads.
Support Sporcle.
Get the best of Sporcle when you Go Orange. This ad-free experience offers more features, more stats, and more fun while also helping to support Sporcle. Thank you for becoming a member.

You're not logged in!

Compare scores with friends on all Sporcle quizzes.
OR
Log In

Show Comments

Extras

Top Quizzes Today


Score Distribution

Your Account Isn't Verified!

In order to create a playlist on Sporcle, you need to verify the email address you used during registration. Go to your Sporcle Settings to finish the process.

Report this User

Report this user for behavior that violates our Community Guidelines.

Details: